[Event "BCF-chT2 2324 (4NCL)"]
[Site "England"]
[Date "2024.02.10"]
[Round "5.65"]
[White "Wilson, Ewan"]
[Black "Price, Gwilym"]
[Result "0-1"]
[WhiteElo "2032"]
[BlackElo "2171"]
[PlyCount "72"]
[EventDate "2023.11.11"]
[EventType "team-tourn"]
[EventRounds "11"]
[EventCountry "ENG"]
[SourceTitle "CB11_2024"]
[SourceDate "2024.03.13"]
[SourceVersion "1"]
[SourceVersionDate "2024.03.13"]
[SourceQuality "1"]
[WhiteTeam "CSC/Kingston"]
[BlackTeam "The Sharks II"]
[WhiteTeamCountry "ENG"]
[BlackTeamCountry "ENG"]

1. d4 Nf6 2. c4 g6 3. Nc3 Bg7 4. e4 d6 5. Be2 0-0 6. Nf3 e5 7. 0-0 Nc6 8. d5 Ne7 9. b4 Nh5 10. Re1 f5 11. exf5 gxf5 12. a4 Nf6 13. Ra3 Kh8 14. a5 c6 15. Bb2 cxd5 16. Nxd5 Nexd5 17. cxd5 Bd7 18. Bc4 Rc8 19. Ba2 Ng4 20. h3 Nh6 21. Nd2 Qh4 22. Bc3 Rf6 23. Nf3 Qh5 24. h4 f4 25. Bb1 Bg4 26. Qd3 Nf5 27. Nxe5 dxe5 28. Bxe5 Rg6 29. Rc3 Rg8 30. Rc7 Bxe5 31. Rxe5 Bf3 32. g3 Qxh4 33. Qxf3 Rxg3+ 34. fxg3 Rxg3+ 35. Qxg3 Qxg3+ 36. Kf1 Ne3+ 0-1

[Event "BCF-chT2 2324 (4NCL)"]
[Site "England"]
[Date "2024.01.14"]
[Round "4.4"]
[White "Shephard, Chris CW"]
[Black "Wilson, Ewan"]
[Result "1/2-1/2"]
[WhiteElo "2153"]
[BlackElo "2032"]
[PlyCount "52"]
[EventDate "2023.11.11"]
[EventType "team-tourn"]
[EventRounds "11"]
[EventCountry "ENG"]
[SourceTitle "CB11_2024"]
[SourceDate "2024.03.13"]
[SourceVersion "1"]
[SourceVersionDate "2024.03.13"]
[SourceQuality "1"]
[WhiteTeam "Warwicks Select"]
[BlackTeam "CSC/Kingston"]
[WhiteTeamCountry "ENG"]
[BlackTeamCountry "ENG"]

1. Nf3 d5 2. c4 c6 3. g3 Nf6 4. b3 Bg4 5. d4 e6 6. Bg2 Nbd7 7. 0-0 Be7 8. Bb2 0-0 9. Nbd2 h6 10. Re1 Bf5 11. Ne5 a5 12. a3 Nxe5 13. dxe5 Nd7 14. e4 dxe4 15. Nxe4 Nc5 16. Nxc5 Bxc5 17. Be4 Qb6 18. Qc2 Bxe4 19. Rxe4 Rad8 20. Bc3 Bd4 21. b4 axb4 22. axb4 Bxc3 23. Qxc3 Ra8 24. Ree1 Rfd8 25. Rxa8 Rxa8 26. c5 Qb5 1/2-1/2

[Event "BCF-chT2 2324 (4NCL)"]
[Site "England"]
[Date "2023.11.11"]
[Round "1.35"]
[White "Shepherd, Tom"]
[Black "Wilson, Ewan"]
[Result "1-0"]
[WhiteElo "1860"]
[BlackElo "2032"]
[PlyCount "66"]
[EventDate "2023.11.11"]
[EventType "team-tourn"]
[EventRounds "11"]
[EventCountry "ENG"]
[SourceTitle "CB46_2023"]
[SourceDate "2023.11.15"]
[SourceVersion "1"]
[SourceVersionDate "2023.11.15"]
[SourceQuality "1"]
[WhiteTeam "Schach Attack"]
[BlackTeam "CSC/Kingston"]
[WhiteTeamCountry "ENG"]
[BlackTeamCountry "ENG"]

1. d4 d5 2. c4 c6 3. cxd5 cxd5 4. Nf3 Nf6 5. Nc3 Nc6 6. Bf4 a6 7. Rc1 Bf5 8. e3 Rc8 9. Be2 e6 10. 0-0 Bd6 11. Bxd6 Qxd6 12. Na4 Nd7 13. a3 0-0 14. b4 a5 15. b5 Ne7 16. Qb3 b6 17. Qb2 f6 18. Nc3 g5 19. Nd2 Bg6 20. e4 dxe4 21. Ndxe4 Qb8 22. Qb3 Bf7 23. Bc4 e5 24. Bxf7+ Rxf7 25. Rcd1 Nf5 26. dxe5 Nxe5 27. Nxf6+ Kg7 28. Nh5+ Kf8 29. Ne4 Rc4 30. Nhg3 Nh4 31. Nxg5 Nxg2 32. Kxg2 Qb7+ 33. f3 Re7 1-0

[Event "Hull 4NCL op"]
[Site "Hull"]
[Date "2022.10.16"]
[Round "4"]
[White "Milson, Samuel"]
[Black "Wilson, Ewan"]
[Result "1-0"]
[WhiteElo "2081"]
[BlackElo "2017"]
[PlyCount "93"]
[EventDate "2022.10.14"]
[EventType "swiss"]
[EventRounds "5"]
[EventCountry "ENG"]
[SourceTitle "CBM 210 Extra"]
[Source "ChessBase"]
[SourceDate "2022.11.30"]
[SourceVersion "1"]
[SourceVersionDate "2022.11.30"]
[SourceQuality "1"]

1. e4 e5 2. Nf3 Nc6 3. Bb5 a6 4. Ba4 Nf6 5. 0-0 Be7 6. Re1 b5 7. Bb3 d6 8. c3 0-0 9. h3 Nb8 10. d4 Nbd7 11. Nbd2 Bb7 12. Bc2 Re8 13. Nf1 Bf8 14. Ng3 g6 15. Nh2 Bg7 16. f4 exd4 17. cxd4 c5 18. d5 Nxd5 19. exd5 Qh4 20. Ne4 Bxd5 21. Nf3 Qh5 22. Kh2 Nf6 23. Nxf6+ Bxf6 24. g4 Bxf3 25. Qxf3 Qh4 26. Be3 Bxb2 27. Rad1 Qf6 28. Be4 Ra7 29. Bc6 Ree7 30. Rd3 Qe6 31. Bd5 Qc8 32. Red1 Rad7 33. Bc6 Rd8 34. Rxd6 Rxd6 35. Rxd6 c4 36. Qd5 Rxe3 37. Rd8+ Qxd8 38. Qxd8+ Kg7 39. Bd5 Bf6 40. Qd7 Re7 41. Qd6 g5 42. Kg2 c3 43. Qc5 gxf4 44. Bb3 Re3 45. Qd5 Re7 46. g5 Be5 47. Kf3 1-0

[Event "Hull 4NCL op"]
[Site "Hull"]
[Date "2022.10.16"]
[Round "5"]
[White "Wilson, Ewan"]
[Black "Brencher, Paul"]
[Result "1/2-1/2"]
[WhiteElo "2017"]
[BlackElo "1898"]
[PlyCount "70"]
[EventDate "2022.10.14"]
[EventType "swiss"]
[EventRounds "5"]
[EventCountry "ENG"]
[SourceTitle "CBM 210 Extra"]
[Source "ChessBase"]
[SourceDate "2022.11.30"]
[SourceVersion "1"]
[SourceVersionDate "2022.11.30"]
[SourceQuality "1"]

1. d4 Nf6 2. c4 e6 3. Nf3 Bb4+ 4. Bd2 Bxd2+ 5. Nbxd2 d5 6. g3 0-0 7. Bg2 b6 8. Qc2 c6 9. 0-0 Bb7 10. b4 Qe7 11. c5 Nbd7 12. Nh4 g6 13. f4 Ng4 14. Qc3 f5 15. Nb3 Kf7 16. Nf3 h6 17. a4 Rfc8 18. Rfb1 Ba6 19. Bf1 g5 20. e3 Bxf1 21. Kxf1 Ngf6 22. Nbd2 g4 23. Ne5+ Nxe5 24. fxe5 Nd7 25. Nb3 Kg6 26. Nc1 h5 27. Nd3 h4 28. Rc1 hxg3 29. hxg3 bxc5 30. dxc5 Qh7 31. Nf4+ Kf7 32. Kg2 Qg7 33. Nd3 Qh6 34. Nf4 Qg7 35. Nd3 Qh6 1/2-1/2

[Event "GRB-ch Universities"]
[Site "Birmingham"]
[Date "2016.02.20"]
[Round "1.2"]
[White "Netzer, Jacques"]
[Black "Wilson, Ewan"]
[Result "1-0"]
[WhiteElo "2318"]
[BlackElo "1951"]
[PlyCount "99"]
[EventDate "2016.02.20"]
[EventType "team-swiss"]
[EventRounds "5"]
[EventCountry "ENG"]
[SourceTitle "CBM 170 Extra"]
[Source "ChessBase"]
[SourceDate "2016.02.25"]
[SourceVersion "1"]
[SourceVersionDate "2016.02.25"]
[SourceQuality "1"]
[WhiteTeam "Imperial"]
[BlackTeam "Edinburgh"]
[WhiteTeamCountry "ENG"]
[BlackTeamCountry "ENG"]

1. e4 e6 2. d4 d5 3. Nd2 c5 4. exd5 Qxd5 5. Ngf3 cxd4 6. Bc4 Qc5 7. 0-0 Nf6 8. Qe2 Be7 9. Nb3 Qc7 10. Nbxd4 a6 11. Bg5 Nc6 12. Rfe1 Nxd4 13. Nxd4 0-0 14. c3 Re8 15. Bb3 Bd7 16. Qf3 Rad8 17. Re2 Bc8 18. Rae1 Qa5 19. Re5 Qc7 20. R5e2 Qa5 21. Bh4 Qh5 22. Qxh5 Nxh5 23. Bxe7 Rxe7 24. g3 Nf6 25. f4 Rc7 26. a4 b6 27. h3 g6 28. Kf2 Nd5 29. Nf3 Ne7 30. Ne5 Nc6 31. Nc4 b5 32. axb5 axb5 33. Ne5 Na5 34. Bc2 Nc4 35. Bb1 Bb7 36. g4 Nxe5 37. Rxe5 Rd5 38. Ba2 Rd2+ 39. R1e2 Rd3 40. R5e3 Rcd7 41. c4 bxc4 42. Bxc4 Rd1 43. Re1 R1d2+ 44. R1e2 Rd1 45. f5 exf5 46. gxf5 Rb1 47. f6 h5 48. Re8+ Kh7 49. R8e7 Bc6 50. Bxf7 1-0

[Event "GBR-ch Major 102nd"]
[Site "Coventry"]
[Date "2015.08.05"]
[Round "9"]
[White "Whitehead, Mark A"]
[Black "Wilson, Ewan"]
[Result "1/2-1/2"]
[WhiteElo "2005"]
[BlackElo "1960"]
[PlyCount "33"]
[EventDate "2015.07.27"]
[EventType "swiss"]
[EventRounds "11"]
[EventCountry "ENG"]
[SourceTitle "CBM 167 Extra"]
[Source "ChessBase"]
[SourceDate "2015.09.14"]
[SourceVersion "1"]
[SourceVersionDate "2015.09.14"]
[SourceQuality "1"]

1. e4 e6 2. Qe2 Be7 3. g3 d5 4. e5 c5 5. Bg2 Nc6 6. Nf3 f6 7. 0-0 fxe5 8. Nxe5 Nxe5 9. Qxe5 Nf6 10. d3 Qd6 11. Qxd6 Bxd6 12. Bg5 h6 13. Bxf6 gxf6 14. Nc3 Bd7 15. f4 f5 16. Rfe1 0-0-0 17. Kf2 1/2-1/2

[Event "GBR-ch Major 102nd"]
[Site "Coventry"]
[Date "2015.07.30"]
[Round "4"]
[White "Wilson, Ewan"]
[Black "Batchelor, Guy J"]
[Result "1-0"]
[WhiteElo "1960"]
[BlackElo "1855"]
[PlyCount "39"]
[EventDate "2015.07.27"]
[EventType "swiss"]
[EventRounds "11"]
[EventCountry "ENG"]
[SourceTitle "CBM 167 Extra"]
[Source "ChessBase"]
[SourceDate "2015.09.14"]
[SourceVersion "1"]
[SourceVersionDate "2015.09.14"]
[SourceQuality "1"]

1. e4 b6 2. d4 Bb7 3. Nc3 e6 4. Bd3 Bb4 5. Nf3 Nf6 6. Qe2 d5 7. exd5 Nxd5 8. Bd2 Bxc3 9. bxc3 Nd7 10. 0-0 N5f6 11. Rae1 h6 12. Nh4 0-0 13. f4 Re8 14. Qf2 Ng4 15. Qg3 f5 16. h3 Ngf6 17. Bxf5 exf5 18. Nxf5 Nh5 19. Qg6 Ndf6 20. Nxh6+ 1-0

[Event "GBR-ch Major 102nd"]
[Site "Coventry"]
[Date "2015.07.29"]
[Round "3"]
[White "Herring, Samuel"]
[Black "Wilson, Ewan"]
[Result "1/2-1/2"]
[WhiteElo "1773"]
[BlackElo "1960"]
[PlyCount "80"]
[EventDate "2015.07.27"]
[EventType "swiss"]
[EventRounds "11"]
[EventCountry "ENG"]
[SourceTitle "CBM 167 Extra"]
[Source "ChessBase"]
[SourceDate "2015.09.14"]
[SourceVersion "1"]
[SourceVersionDate "2015.09.14"]
[SourceQuality "1"]

1. d4 Nf6 2. c4 e6 3. Nc3 Bb4 4. e3 0-0 5. Nge2 b6 6. a3 Bxc3+ 7. Nxc3 d5 8. Qf3 Bb7 9. g4 Ne4 10. Nxe4 dxe4 11. Qf4 Nd7 12. Bd2 e5 13. dxe5 Re8 14. Bc3 Qe7 15. Be2 Nxe5 16. Bxe5 Qxe5 17. Qxe5 Rxe5 18. 0-0-0 Kf8 19. Rd7 Re7 20. Rhd1 Bc6 21. Rd8+ Rxd8 22. Rxd8+ Re8 23. Rxe8+ Bxe8 24. Kd2 Ke7 25. b4 c5 26. b5 g5 27. Ke1 f6 28. Kf1 Kd6 29. Kg2 Ke5 30. Kg3 Bf7 31. h4 h6 32. hxg5 fxg5 33. Kh3 Bg8 34. Kg3 Be6 35. Bf1 Bd7 36. Be2 Be8 37. Kh3 Bd7 38. Kg3 Kf6 39. Kg2 Be8 40. Kg3 Ke5 1/2-1/2

[Event "GBR-ch Major 102nd"]
[Site "Coventry"]
[Date "2015.07.27"]
[Round "1"]
[White "Gunn, Michael J"]
[Black "Wilson, Ewan"]
[Result "0-1"]
[WhiteElo "1701"]
[BlackElo "1960"]
[PlyCount "86"]
[EventDate "2015.07.27"]
[EventType "swiss"]
[EventRounds "11"]
[EventCountry "ENG"]
[SourceTitle "CBM 167 Extra"]
[Source "ChessBase"]
[SourceDate "2015.09.14"]
[SourceVersion "1"]
[SourceVersionDate "2015.09.14"]
[SourceQuality "1"]

1. d4 Nf6 2. Nf3 d5 3. e3 Bf5 4. c4 c6 5. Nc3 e6 6. Nh4 Bg4 7. f3 Bh5 8. g3 Bd6 9. cxd5 cxd5 10. Be2 Nc6 11. Bd2 0-0 12. 0-0 e5 13. dxe5 Bxe5 14. f4 Bxe2 15. Qxe2 Bc7 16. Nb5 Bb6 17. Nf3 Re8 18. Qd3 Qe7 19. Nbd4 Qe4 20. Qxe4 Nxe4 21. Bc3 Nxc3 22. bxc3 Rxe3 23. Rac1 g6 24. Kg2 Rae8 25. Rc2 R8e4 26. Nxc6 bxc6 27. Ne5 Re2+ 28. Rxe2 Rxe2+ 29. Kh3 c5 30. Nd7 d4 31. cxd4 cxd4 32. Nxb6 axb6 33. Rd1 Re4 34. Rd2 f5 35. Kg2 Kf7 36. Kf2 Ke6 37. Rb2 Kd5 38. Rxb6 d3 39. Rb2 Kc4 40. a4 Kc3 41. Rb8 Rxa4 42. Rd8 d2 43. Ke2 Re4+ 0-1